000 00384pab a2200145 454500
008 180718b1987 xxu||||| |||| 00| 0 eng d
100 _aGhosh, Shekhar
245 _aChanging law in a changing world
_bCase of Mid - ocean archipelagos
260 _c1987
300 _a902-8
362 _a6 June
650 _aMaritime Law
773 _aEconomic and Political Weekly
909 _a13210
999 _c13210
_d13210